Giftige Tiere - Sudden Death - Statistiken

Allgemein
  • Dieses Quiz wurde 685 mal gespielt
  • Das Durchschnittsergebnis liegt bei 2 aus 20
Answers on the Grid
Answers color-coded by a green-red scale on the quiz's grid according to % correct below.
Blaupunktrochen
Seewespe
Atlantischer Diademseeigel
Feuersalamander
Taipan
Schrecklicher Pfeilgiftfrosch
Königskobra
Gemeine Wespe
Filament-Teufelsfisch
Schnabelköpfige Seeschlange
Gemeiner Steinläufer
Perlhuhn-Kugelfisch
Rotknie-Vogelspinne
Aga-Kröte
Petermännchen
Sydney-Trichternetzspinne
Mexikanische Mokassinschlange
Texas-Klapperschlange
Steinfisch
Gila-Krustenechse
Netz-Feuerkoralle
Pazifischer Rotfeuerfisch
Todesotter
Blasenanemone
Kleiner Blaugeringelter Krake
Spanische Fliege
Kaiserskorpion
Gelber Mittelmeerskorpion
Wasserspinne
Südliche Schwarze Witwe
Harlekin-Korallenotter
Rote Königsnatter
Riesenotter
Große Anakonda
Grüne Mamba
Netzpython
Schnabeltier
Coloradokröte
Brasilianische Wanderspinne
Textil-Kegelschnecke
 
Antwortstatistiken
Antwort % Korrekt
Größte Giftschlange der Welt, nach einem Biss kann der Tod bereits nach 20 Minuten eintreten Königskobra
32%
Bisse sind zwar äußerst selten, können aber bereits nach 30 Minuten zum Tod führen Grüne Mamba
22%
Drittgiftigste Schlange der Welt, ein Biss führt nach 7-10 Stunden zum Atemstillstand Taipan
20%
Das Gift sorgt zerstört Blutzellen und Gewebe und kann unbehandelt zum Tod führen. Texas-Klapperschlange
19%
Eines der giftigsten Tiere der Welt, ein Individuum könnte mit seinem Gift 10-20 Menschen töten Schrecklicher Pfeilgiftfrosch
18%
Giftigster Fisch der Welt, eine hohe Dosis führt zum Tod, die Giftstacheln können zudem Schuhsohlen durchstoßen Steinfisch
16%
Giftigste Qualle der Welt, mind. 64 Todesopfer seit 1884 Seewespe
14%
Symptome eines Bisses sind starke Schmerzen, Übelkeit, Atemprobleme, erhöhte Speichelproduktion, Schwindel, Desorientierung, Muskelzuckungen und teilweise Bewusstlosigkeit Sydney-Trichternetzspinne
14%
Auch wenn das Gift teilweise als Droge konsumiert wird, kann es auch bei erwachsenen Menschen zum Tod führen Aga-Kröte
11%
Das Gift führt innerhalb von zwei Stunden zu Lähmungen Kleiner Blaugeringelter Krake
10%
15% der unbehandelten Bisse führen zum Tod durch Atemlähmung Todesotter
10%
auch als "Giftige Bananenspinne" bekannt, ihre Aggressivität und Lebensweise in Menschennähe begünstigen Bissunfälle Brasilianische Wanderspinne
9%
Das Gift führt zu starken Lähmungen, die durch Atembeschwerden oder Herzstillstand zum Tod führen Perlhuhn-Kugelfisch
9%
Ihr Giftzahn kann Handschuhe und Taucheranzüge durchdringen, es gibt zudem kein Antidot Textil-Kegelschnecke
8%
Aggressiv und hochgiftig, das Gift tötet innerhalb weniger Stunden und kann zu irreversiblen Gewebeschäden führen Mexikanische Mokassinschlange
7%
Würgeschlange Netzpython
6%
Das Gift führt direkt zu Schmerzen und Schwellungen an der betroffenen Stelle, sowie manchmal zu Übelkeit, Schwindel und Atemnot Filament-Teufelsfisch
5%
Unbehandelt kann innerhalb von 36 Stunden der Tod durch Atemlähmung eintreten Harlekin-Korallenotter
3%
Nierenversagen ist die häufigste Todesursache bei einer Vergiftung Schnabelköpfige Seeschlange
3%
Das Gift führt vor allem bei oraler Einnahme zu Nierenversagen Spanische Fliege
2%
Keine übereinstimmenden Quizze gefunden
Verteilung der Resultate
Anzahl Personen mit jedem Resultat
Perzentil nach korrekt beantworteten Fragen
Ihre Resultats-Entwicklung
Sie haben dieses Quiz noch nicht gespielt